Türkiye'nin yargı bağımsızlığına ilişkin sorunları (Record no. 2410)

MARC details
000 -BAŞLIK
Sabit Uzunlukta Kontrol Alanı 00845na a2200277 4500
001 - KONTROL NUMARASI
Denetim Alanı 16933
003 - KONTROL NUMARASI IDENTIFIER
Denetim Alanı MIRAKIL
005 - SON İŞLEM TARİHİ VE ZAMANI
Denetim Alanı 20181213154856.0
008 - SABİT-BOY VERİ ELEMANLARI - GENEL BİLGİLER
Sabit Uzunlukta Kontrol Alanı 161017b tu 000 0
020 ## - ULUSLARARASI STANDART KİTAP NUMARASI
Uluslararası Standart Kitap Numarası 9786055614089
035 ## - SİSTEM KONTROL NUMARASI
Sistem Kontrol Numarası 16933
040 ## - KATALOGLAMA KAYNAK
Orijinal Kataloglama Ajansı Milas
Kataloglama Dili tur
Metne Dönüştürmek Ajansı TR-AnCHP
041 ## - DİL KODU
Metin / Ses Parça Veya Ayrı Başlığın Dil Kodu tur
082 ## - DEWEY ONLU SINIFLANDIRMA NUMARASI
Sınıflandırma Numarası 347.013
Ürün Numarası Y44t 2009
090 ## - SINIFLAMA NUMARASI
Sınıflama Numarası 347.013 Y44t 2009
100 ## - ANA GİRİŞ - KİŞİSEL İSİM
Kişisel Ad Yılmaz, Halit
245 ## - BAŞLIK TABLOSU
Başlık Türkiye'nin yargı bağımsızlığına ilişkin sorunları
Sorumluluk Tablosu, Vb Halit Yılmaz
260 ## - YAYIN, DAĞITIM, VB
Yayın, Dağıtım, Vb Yeri Ankara
Yayıncı, Dağıtıcı, Vs Adı Türkiye Barolar Birliği
Yayın, Dağıtım, Vb Tarihi 2009
300 ## - FİZİKSEL TANIM
Kapsam xii, 160 s.
Boyutlar 24 sm.
490 ## - SERİSİ TABLOSU
Seri Beyanı Türkiye Barolar Birliği yayınları
Hacim / Ardışık Tanımı 166
500 ## - GENEL NOT
Genel Not Dizin var.
650 ## - KONU KATMA GİRİŞ - TOPİKAL DÖNEM
Topikal Süreli Veya Coğrafi Ad Giriş Elemanı Yüksek mahkemeler
Genel Alt Bölümü Sorunlar
Coğrafi Alt Bölümü Türkiye
650 ## - KONU KATMA GİRİŞ - TOPİKAL DÖNEM
Topikal Süreli Veya Coğrafi Ad Giriş Elemanı Yargı idaresi
Genel Alt Bölümü Sorunlar
Coğrafi Alt Bölümü Türkiye
650 ## - KONU KATMA GİRİŞ - TOPİKAL DÖNEM
Topikal Süreli Veya Coğrafi Ad Giriş Elemanı Yargı bağımsızlığı
Genel Alt Bölümü Sorunlar
Coğrafi Alt Bölümü Türkiye
942 ## - EKLENDİ GİRİŞ ELEMANLARI (KOHA)
Sınıflandırma Veya Raf Düzeni Kaynak
Koha Öğesi Türü Books
999 ## - SİSTEM KONTROL NUMARALARI (KOHA)
Koha Biblionumber 2410
Koha Biblioitemnumber 2410
Holdings
Kalıcı Konum Mevcut Konum Edinme Tarihi Edinim Kaynak Toplam Check-Out'Lar Tam Çağrı Numarası Barkod Tarih Son Görülme İtibaren Geçerli Fiyatlar Koha Öğesi Türü
CHP Kütüphanesi CHP Kütüphanesi 10/17/2016 Bağış   347.013 Y44t 2009 005408 10/17/2016 10/17/2016 Books